| 000 | 00444nam a22001337a 4500 | ||
|---|---|---|---|
| 020 | _a0-471-08124-8 | ||
| 082 | _a005.11 MIL'E | ||
| 100 |
_aMILLER, ALAN R _936815 |
||
| 245 | _a8080/Z80 ASSEMBLY LANGUAGE TECHNIQUES FOR IMPROVED PROGRAMMING | ||
| 260 | _c1981 | ||
| 300 | _aX, 318P | ||
| 650 |
_aINTEL 8080 (COMPUTER)-PROGRAMMING ZILOG MODEL Z-80 (COMPUTER)-PROGRAMMING ASSEMLER LANGUAGE (COMPUTER PROGRAMMING LANGUAGE) _976208 |
||
| 942 | _cBK | ||
| 999 |
_c581612 _d581612 |
||